[Event "4th Baskent University Open 2019"]
[Site "Ankara"]
[Date "2019.06.18"]
[Round "3"]
[White "Cevizci, Yusuf Baran"]
[Black "Kaplan, Cem Azad"]
[Result "1-0"]
[WhiteElo "1670"]
[BlackElo "1598"]
[Annotator "NA"]
[PlyCount "165"]
[EventDate "2019.06.18"]
[EventType "swiss"]
[EventCountry "TUR"]
[SourceTitle "playchess.com"]
[Source "ChessBase"]
[SourceQuality "1"]
[TimeControl "5400+30"]

1. e4 {[%emt 0:00:30]} e6 {[%emt 0:00:30]} 2. d4 {[%emt 0:00:30]} d5 {[%emt 0:00:30]} 3. e5 {[%emt 0:01:30]} c5 {[%emt 0:00:30]} 4. c3 {[%emt 0:00:00]} Nc6 {[%emt 0:00:00]} 5. Nf3 {[%emt 0:00:00]} Qb6 {[%emt 0:00:00]} 6. Na3 {[%emt 0:00:30]} Nh6 {[%emt 0:04:30]} 7. Bd3 {[%emt 0:00:30]} c4 {[%emt 0:03:30]} 8. Be2 {[%emt 0:00:30]} Bxa3 {[%emt 0:01:30]} 9. bxa3 {[%emt 0:00:30]} Nf5 {[%emt 0:00:30]} 10. O-O {[%emt 0:00:30]} Qa5 {[%emt 0:06:30]} 11. Qc2 {[%emt 0:01:30]} Bd7 {[%emt 0:00:30]} 12. Rb1 {[%emt 0:00:30]} Nd8 {[%emt 0:00:30]} 13. Bd1 {[%emt 0:02:30]} b5 {[%emt 0:02:30]} 14. h3 {[%emt 0:01:30]} a6 {[%emt 0:03:30]} 15. Re1 {[%emt 0:05:30]} Nc6 {[%emt 0:00:30]} 16. Be2 {[%emt 0:03:30]} h6 {[%emt 0:02:30]} 17. Bb2 {[%emt 0:02:30]} Qd8 {[%emt 0:01:30]} 18. Bc1 {[%emt 0:03:30]} Nh4 {[%emt 0:03:30]} 19. a4 {[%emt 0:03:30]} Nxf3+ {[%emt 0:01:30]} 20. Bxf3 {[%emt 0:00:30]} Ne7 {[%emt 0:00:30]} 21. Ba3 {[%emt 0:00:30]} O-O {[%emt 0:11:30]} 22. Bg4 {[%emt 0:13:30]} Re8 {[%emt 0:01:30]} 23. f4 {[%emt 0:01:30]} g6 {[%emt 0:01:30]} 24. Qf2 {[%emt 0:00:30]} Nf5 {[%emt 0:00:30]} 25. Bxf5 {[%emt 0:00:30]} gxf5 {[%emt 0:00:30]} 26. Qf3 {[%emt 0:01:30]} Qh4 {[%emt 0:03:30]} 27. Kh2 {[%emt 0:00:00]} Kg7 {[%emt 0:05:30]} 28. a5 {[%emt 0:00:00]} Rg8 {[%emt 0:01:30]} 29. Bc5 {[%emt 0:02:30]} Kh7 {[%emt 0:00:30]} 30. g3 {[%emt 0:00:30]} Qd8 {[%emt 0:00:30]} 31. Bb4 {[%emt 0:00:30]} Rg6 {[%emt 0:01:30]} 32. Rg1 {[%emt 0:00:30]} Bc6 {[%emt 0:02:30]} 33. Qh5 {[%emt 0:00:30]} Ra7 {[%emt 0:04:30]} 34. g4 {[%emt 0:00:30]} fxg4 {[%emt 0:00:30]} 35. Rxg4 {[%emt 0:01:30]} Rxg4 {[%emt 0:00:30]} 36. hxg4 {[%emt 0:00:00]} Qg8 {[%emt 0:00:30]} 37. Rh1 {[%emt 0:03:00]} Qg6 {[%emt 0:00:30]} 38. Qxg6+ {[%emt 0:00:30]} Kxg6 {[%emt 0:00:30]} 39. Kg3 {[%emt 0:00:30]} Ra8 {[%emt 0:01:30]} 40. Kf3 {[%emt 0:01:30]} Rh8 {[%emt 0:00:30]} 41. Rg1 {[%emt 0:00:30]} Be8 {[%emt 0:00:30]} 42. Be7 {[%emt 0:00:30]} Bd7 {[%emt 0:01:30]} 43. a3 {[%emt 0:01:30]} Re8 {[%emt 0:00:30]} 44. Bf6 {[%emt 0:00:30]} Rc8 {[%emt 0:00:30]} 45. Rh1 {[%emt 0:00:00]} Re8 {[%emt 0:01:30]} 46. Ke3 {[%emt 0:00:00]} Rc8 {[%emt 0:01:30]} 47. Kf3 {[%emt 0:00:30]} Re8 {[%emt 0:00:30]} 48. Kg3 {[%emt 0:00:30]} Rc8 {[%emt 0:00:30]} 49. Rh5 {[%emt 0:00:00]} Rg8 {[%emt 0:00:30]} 50. Kh4 {[%emt 0:00:00]} Kh7 {[%emt 0:03:30]} 51. Bg5 {[%emt 0:02:30]} Rg6 {[%emt 0:01:30]} 52. Be7 {[%emt 0:00:00]} Kg7 {[%emt 0:00:30]} 53. g5 {[%emt 0:01:00]} Kg8 {[%emt 0:06:30]} 54. gxh6 {[%emt 0:01:30]} Kh7 {[%emt 0:00:30]} 55. Bf8 {[%emt 0:02:30]} Rg1 {[%emt 0:00:00]} 56. Rg5 {[%emt 0:00:00]} Rh1+ {[%emt 0:01:00]} 57. Kg4 {[%emt 0:03:00]} Rg1+ {[%emt 0:00:30]} 58. Kh3 {[%emt 0:00:30]} Rxg5 {[%emt 0:00:00]} 59. fxg5 {[%emt 0:00:00]} Kg6 {[%emt 0:03:03]} 60. Kg4 {[%emt 0:00:00]} Be8 {[%emt 0:01:42]} 61. Kf4 {[%emt 0:00:30]} Kh7 {[%emt 0:00:28]} 62. a4 {[%emt 0:00:00]} bxa4 {[%emt 0:00:39]} 63. Ba3 {[%emt 0:00:00]} Kg6 {[%emt 0:01:51]} 64. Bc1 {[%emt 0:00:30]} a3 {[%emt 0:01:46]} 65. Bxa3 {[%emt 0:00:00]} Ba4 {[%emt 0:00:13]} 66. Be7 {[%emt 0:00:00]} Bc2 {[%emt 0:01:43]} 67. Ke3 {[%emt 0:00:30]} Kh7 {[%emt 0:01:57]} 68. Kd2 {[%emt 0:00:30]} Ba4 {[%emt 0:00:00]} 69. Kc1 {[%emt 0:00:00]} Kg8 {[%emt 0:00:45]} 70. Kb2 {[%emt 0:00:00]} Be8 {[%emt 0:00:32]} 71. Ka3 {[%emt 0:00:00]} Bd7 {[%emt 0:00:00]} 72. Kb4 {[%emt 0:00:00]} Bb5 {[%emt 0:00:47]} 73. Kc5 {[%emt 0:00:00]} Ba4 {[%emt 0:00:12]} 74. Kb6 {[%emt 0:00:00]} Bb5 {[%emt 0:00:09]} 75. Kc7 {[%emt 0:00:30]} Ba4 {[%emt 0:00:00]} 76. Kd6 {[%emt 0:00:00]} Bc2 {[%emt 0:00:36]} 77. Bf6 {[%emt 0:00:00]} Kh7 {[%emt 0:01:04]} 78. Bd8 {[%emt 0:00:30]} Kg8 {[%emt 0:00:22]} 79. g6 {[%emt 0:00:30]} fxg6 {[%emt 0:04:10]} 80. Kxe6 {[%emt 0:00:30]} g5 {[%emt 0:03:46]} 81. Bxg5 {[%emt 0:00:00]} Be4 {[%emt 0:00:00]} 82. Kf6 {[%emt 0:00:00]} Kf8 {[%emt 0:00:31]} 83. e6 {[%emt 0:00:30]} 1-0

[Event "4th Baskent University Open 2019"]
[Site "Ankara"]
[Date "2019.06.18"]
[Round "3"]
[White "Genc, Mehmet Emin"]
[Black "Taban, Yagiz"]
[Result "0-1"]
[WhiteElo "1666"]
[BlackElo "1654"]
[Annotator "NA"]
[PlyCount "64"]
[EventDate "2019.06.18"]
[EventType "swiss"]
[EventCountry "TUR"]
[SourceTitle "playchess.com"]
[Source "ChessBase"]
[SourceQuality "1"]
[TimeControl "5400+30"]

1. d4 {[%emt 0:00:30]} f5 {[%emt 0:01:30]} 2. e4 {[%emt 0:00:30]} fxe4 {[%emt 0:00:00]} 3. Nc3 {[%emt 0:00:00]} Nf6 {[%emt 0:00:00]} 4. Bg5 {[%emt 0:00:00]} g6 {[%emt 0:04:30]} 5. f3 {[%emt 0:06:30]} exf3 {[%emt 0:06:30]} 6. Nxf3 {[%emt 0:00:30]} Bg7 {[%emt 0:01:30]} 7. Qd2 {[%emt 0:01:30]} d6 {[%emt 0:03:30]} 8. O-O-O {[%emt 0:00:00]} Bg4 {[%emt 0:18:30]} 9. Be2 {[%emt 0:04:00]} Nbd7 {[%emt 0:01:30]} 10. h3 {[%emt 0:00:00]} Be6 {[%emt 0:00:30]} 11. Bh6 {[%emt 0:01:00]} O-O {[%emt 0:12:30]} 12. Bxg7 {[%emt 0:00:30]} Kxg7 {[%emt 0:00:30]} 13. h4 {[%emt 0:00:30]} h5 {[%emt 0:11:30]} 14. Ng5 {[%emt 0:00:30]} Bf5 {[%emt 0:01:30]} 15. Rhf1 {[%emt 0:02:30]} Qe8 {[%emt 0:03:30]} 16. Rxf5 {[%emt 0:03:30]} gxf5 {[%emt 0:00:00]} 17. Ne6+ {[%emt 0:00:30]} Kh7 {[%emt 0:01:00]} 18. Nxc7 {[%emt 0:04:30]} Qg6 {[%emt 0:01:30]} 19. Nxa8 {[%emt 0:00:30]} Rxa8 {[%emt 0:00:30]} 20. Bd3 {[%emt 0:00:30]} Ne4 {[%emt 0:07:30]} 21. Qf4 {[%emt 0:01:30]} Ndf6 {[%emt 0:00:30]} 22. Rf1 {[%emt 0:02:30]} e6 {[%emt 0:01:30]} 23. Nxe4 {[%emt 0:00:30]} Nxe4 {[%emt 0:03:57]} 24. Bxe4 {[%emt 0:00:30]} fxe4 {[%emt 0:00:03]} 25. Qxd6 {[%emt 0:00:00]} Rg8 {[%emt 0:01:02]} 26. Qe5 {[%emt 0:01:00]} Rg7 {[%emt 0:01:17]} 27. Rf6 {[%emt 0:00:30]} Qxg2 {[%emt 0:00:40]} 28. Qxh5+ {[%emt 0:04:30]} Kg8 {[%emt 0:00:03]} 29. Rxe6 {[%emt 0:02:30]} Qg1+ {[%emt 0:02:12]} 30. Qd1 {[%emt 0:01:30]} Qe3+ {[%emt 0:00:03]} 31. Qd2 {[%emt 0:06:30]} Qg1+ {[%emt 0:00:30]} 32. Qd1 {[%emt 0:00:30]} Qe3+ {[%emt 0:00:30]} 0-1

[Event "4th Baskent University Open 2019"]
[Site "Ankara"]
[Date "2019.06.18"]
[Round "3"]
[White "Ince, Taylan Ruzgar"]
[Black "Keseroglu, Yigit Can"]
[Result "0-1"]
[WhiteElo "1654"]
[BlackElo "1559"]
[Annotator "NA"]
[PlyCount "63"]
[EventDate "2019.06.18"]
[EventType "swiss"]
[EventCountry "TUR"]
[SourceTitle "playchess.com"]
[Source "ChessBase"]
[SourceQuality "1"]
[TimeControl "5400+30"]

1. e4 {[%emt 0:00:30]} c6 {[%emt 0:01:30]} 2. Nc3 {[%emt 0:00:30]} d5 {[%emt 0:00:30]} 3. Nf3 {[%emt 0:00:00]} dxe4 {[%emt 0:00:00]} 4. Nxe4 {[%emt 0:00:00]} Bf5 {[%emt 0:00:00]} 5. Ng3 {[%emt 0:00:00]} Bg6 {[%emt 0:00:00]} 6. h4 {[%emt 0:01:00]} h6 {[%emt 0:01:00]} 7. Ne5 {[%emt 0:06:30]} Bh7 {[%emt 0:11:30]} 8. Qh5 {[%emt 0:01:30]} g6 {[%emt 0:01:30]} 9. Qf3 {[%emt 0:01:30]} Nf6 {[%emt 0:03:30]} 10. Bc4 {[%emt 0:01:30]} e6 {[%emt 0:01:30]} 11. c3 {[%emt 0:05:30]} Nbd7 {[%emt 0:00:30]} 12. Nxd7 {[%emt 0:03:30]} Nxd7 {[%emt 0:00:30]} 13. d4 {[%emt 0:00:00]} Bg7 {[%emt 0:02:30]} 14. Bf4 {[%emt 0:09:00]} O-O {[%emt 0:06:30]} 15. Qe3 {[%emt 0:13:30]} e5 {[%emt 0:00:30]} 16. dxe5 {[%emt 0:00:00]} Nxe5 {[%emt 0:00:30]} 17. Bxe5 {[%emt 0:02:00]} Bxe5 {[%emt 0:00:30]} 18. O-O {[%emt 0:00:30]} Qc7 {[%emt 0:00:30]} 19. Qxh6 {[%emt 0:03:30]} Bf4 {[%emt 0:00:00]} 20. Qxf8+ {[%emt 0:03:30]} Rxf8 {[%emt 0:00:00]} 21. Ne4 {[%emt 0:00:30]} Bh2+ {[%emt 0:03:30]} 22. Kh1 {[%emt 0:00:30]} Qf4 {[%emt 0:00:30]} 23. Ng5 {[%emt 0:02:30]} Qxc4 {[%emt 0:00:30]} 24. Kxh2 {[%emt 0:00:30]} Qxh4+ {[%emt 0:00:30]} 25. Nh3 {[%emt 0:00:00]} g5 {[%emt 0:00:30]} 26. g3 {[%emt 0:00:00]} Qh5 {[%emt 0:00:30]} 27. Kg2 {[%emt 0:00:30]} g4 {[%emt 0:00:30]} 28. Ng1 {[%emt 0:00:00]} Bd3 {[%emt 0:00:00]} 29. Rfe1 {[%emt 0:01:00]} f5 {[%emt 0:01:00]} 30. Re3 {[%emt 0:00:30]} Rd8 {[%emt 0:02:30]} 31. Rae1 {[%emt 0:02:30]} Be4+ {[%emt 0:00:30]} 32. Kf1 {[%emt 0:00:30]} 0-1

[Event "4th Baskent University Open 2019"]
[Site "Ankara"]
[Date "2019.06.18"]
[Round "3"]
[White "Gocer, Onur Saygin"]
[Black "Alak, Agdar"]
[Result "1/2-1/2"]
[WhiteElo "1595"]
[BlackElo "1529"]
[Annotator "NA"]
[PlyCount "98"]
[EventDate "2019.06.18"]
[EventType "swiss"]
[EventCountry "TUR"]
[SourceTitle "playchess.com"]
[Source "ChessBase"]
[SourceQuality "1"]
[TimeControl "5400+30"]

1. e4 {[%emt 0:00:30]} Nf6 {[%emt 0:00:30]} 2. Nc3 {[%emt 0:00:00]} d5 {[%emt 0:00:30]} 3. exd5 {[%emt 0:00:00]} Nxd5 {[%emt 0:00:00]} 4. d4 {[%emt 0:00:30]} Nxc3 {[%emt 0:00:00]} 5. bxc3 {[%emt 0:00:00]} g6 {[%emt 0:00:00]} 6. Nf3 {[%emt 0:01:00]} Bg7 {[%emt 0:00:00]} 7. Bd3 {[%emt 0:01:30]} O-O {[%emt 0:00:00]} 8. O-O {[%emt 0:00:30]} Nd7 {[%emt 0:01:00]} 9. Bb2 {[%emt 0:04:30]} c5 {[%emt 0:00:30]} 10. Re1 {[%emt 0:01:30]} Re8 {[%emt 0:00:30]} 11. Rb1 {[%emt 0:01:30]} Rb8 {[%emt 0:01:30]} 12. d5 {[%emt 0:03:30]} Qa5 {[%emt 0:01:30]} 13. c4 {[%emt 0:01:30]} Qxa2 {[%emt 0:02:30]} 14. Bxg7 {[%emt 0:00:30]} Kxg7 {[%emt 0:00:30]} 15. Ra1 {[%emt 0:00:00]} Qb2 {[%emt 0:00:00]} 16. Rxa7 {[%emt 0:00:00]} Qb6 {[%emt 0:03:00]} 17. Qa1+ {[%emt 0:02:30]} Qf6 {[%emt 0:00:30]} 18. Qxf6+ {[%emt 0:01:30]} Nxf6 {[%emt 0:00:30]} 19. Rb1 {[%emt 0:07:30]} e6 {[%emt 0:03:30]} 20. Rb5 {[%emt 0:10:30]} exd5 {[%emt 0:00:30]} 21. Rxc5 {[%emt 0:00:30]} dxc4 {[%emt 0:03:30]} 22. Bxc4 {[%emt 0:00:30]} Be6 {[%emt 0:00:30]} 23. h3 {[%emt 0:02:30]} Bxc4 {[%emt 0:01:30]} 24. Rxc4 {[%emt 0:00:00]} Re7 {[%emt 0:01:30]} 25. Nd4 {[%emt 0:01:00]} Rd7 {[%emt 0:00:30]} 26. Nb3 {[%emt 0:01:30]} b6 {[%emt 0:00:30]} 27. Rcc7 {[%emt 0:01:30]} Rbd8 {[%emt 0:00:30]} 28. Rab7 {[%emt 0:01:30]} Rxc7 {[%emt 0:01:30]} 29. Rxc7 {[%emt 0:00:30]} Rd7 {[%emt 0:00:30]} 30. Rc6 {[%emt 0:00:30]} Rb7 {[%emt 0:00:30]} 31. Nd4 {[%emt 0:00:30]} Rd7 {[%emt 0:03:30]} 32. Nf3 {[%emt 0:02:30]} Rb7 {[%emt 0:00:30]} 33. Ne5 {[%emt 0:00:30]} b5 {[%emt 0:02:30]} 34. Rc3 {[%emt 0:01:30]} Nd5 {[%emt 0:01:30]} 35. Rb3 {[%emt 0:00:00]} f6 {[%emt 0:01:30]} 36. Nc6 {[%emt 0:01:00]} Rb6 {[%emt 0:00:30]} 37. Nb4 {[%emt 0:03:30]} Nxb4 {[%emt 0:00:30]} 38. Rxb4 {[%emt 0:00:30]} Rc6 {[%emt 0:00:00]} 39. Rxb5 {[%emt 0:00:00]} Rxc2 {[%emt 0:00:00]} 40. Rb7+ {[%emt 0:00:00]} Kh6 {[%emt 0:00:00]} 41. Rf7 {[%emt 0:00:30]} Rc6 {[%emt 0:00:00]} 42. f4 {[%emt 0:00:00]} f5 {[%emt 0:03:30]} 43. Kf2 {[%emt 0:00:00]} Rc3 {[%emt 0:04:30]} 44. Re7 {[%emt 0:00:30]} Rb3 {[%emt 0:00:30]} 45. Re3 {[%emt 0:00:30]} Rxe3 {[%emt 0:00:30]} 46. Kxe3 {[%emt 0:00:30]} g5 {[%emt 0:00:30]} 47. fxg5+ {[%emt 0:00:30]} Kxg5 {[%emt 0:00:30]} 48. g3 {[%emt 0:00:30]} h5 {[%emt 0:00:30]} 49. Kf3 {[%emt 0:00:30]} h4 {[%emt 0:00:30]} 1/2-1/2

[Event "4th Baskent University Open 2019"]
[Site "Ankara"]
[Date "2019.06.18"]
[Round "3"]
[White "Gulceken, Sumeyye"]
[Black "Kanli, Alperen"]
[Result "1/2-1/2"]
[WhiteElo "1498"]
[BlackElo "1790"]
[Annotator "NA"]
[PlyCount "109"]
[EventDate "2019.06.18"]
[EventType "swiss"]
[EventCountry "TUR"]
[SourceTitle "playchess.com"]
[Source "ChessBase"]
[SourceQuality "1"]
[TimeControl "5400+30"]

1. d4 {[%emt 0:00:30]} d5 {[%emt 0:00:30]} 2. c4 {[%emt 0:00:00]} dxc4 {[%emt 0:00:30]} 3. e3 {[%emt 0:00:00]} Nf6 {[%emt 0:00:00]} 4. Bxc4 {[%emt 0:00:30]} e6 {[%emt 0:00:00]} 5. Nc3 {[%emt 0:00:00]} a6 {[%emt 0:00:00]} 6. a4 {[%emt 0:01:00]} b6 {[%emt 0:00:00]} 7. Nge2 {[%emt 0:01:30]} Bb7 {[%emt 0:00:30]} 8. O-O {[%emt 0:00:00]} Nbd7 {[%emt 0:00:00]} 9. Qb3 {[%emt 0:05:00]} Bd6 {[%emt 0:03:00]} 10. f3 {[%emt 0:01:30]} c5 {[%emt 0:17:30]} 11. d5 {[%emt 0:04:30]} exd5 {[%emt 0:01:30]} 12. Nxd5 {[%emt 0:00:00]} O-O {[%emt 0:07:30]} 13. Nxf6+ {[%emt 0:02:00]} Nxf6 {[%emt 0:01:30]} 14. e4 {[%emt 0:02:30]} Qc7 {[%emt 0:00:30]} 15. g3 {[%emt 0:01:30]} h6 {[%emt 0:04:30]} 16. Bf4 {[%emt 0:03:30]} Bxf4 {[%emt 0:04:30]} 17. gxf4 {[%emt 0:03:30]} Rad8 {[%emt 0:01:30]} 18. Rf2 {[%emt 0:02:30]} Kh8 {[%emt 0:06:30]} 19. Rg2 {[%emt 0:01:30]} Nh5 {[%emt 0:01:30]} 20. Qc3 {[%emt 0:03:30]} Qd6 {[%emt 0:05:30]} 21. Rf1 {[%emt 0:03:30]} Bc8 {[%emt 0:01:30]} 22. f5 {[%emt 0:02:30]} Qd7 {[%emt 0:07:30]} 23. Kh1 {[%emt 0:08:30]} Qd2 {[%emt 0:07:30]} 24. Qb3 {[%emt 0:03:30]} Qb4 {[%emt 0:02:30]} 25. Bxf7 {[%emt 0:03:30]} Qxb3 {[%emt 0:00:30]} 26. Bxb3 {[%emt 0:00:00]} b5 {[%emt 0:02:30]} 27. axb5 {[%emt 0:00:00]} axb5 {[%emt 0:00:00]} 28. Be6 {[%emt 0:11:30]} Bxe6 {[%emt 0:05:00]} 29. fxe6 {[%emt 0:00:00]} Rd2 {[%emt 0:00:30]} 30. Nf4 {[%emt 0:08:00]} Rxg2 {[%emt 0:00:30]} 31. Nxg2 {[%emt 0:00:30]} Re8 {[%emt 0:01:13]} 32. Rd1 {[%emt 0:00:30]} Rxe6 {[%emt 0:02:25]} 33. Rd5 {[%emt 0:00:30]} Ra6 {[%emt 0:00:07]} 34. Kg1 {[%emt 0:02:30]} g5 {[%emt 0:06:25]} 35. Rxc5 {[%emt 0:01:30]} Ra1+ {[%emt 0:00:43]} 36. Kf2 {[%emt 0:00:30]} b4 {[%emt 0:00:00]} 37. Rb5 {[%emt 0:01:30]} Rc1 {[%emt 0:00:00]} 38. Rxb4 {[%emt 0:02:30]} Rc2+ {[%emt 0:00:00]} 39. Kf1 {[%emt 0:00:30]} Rc1+ {[%emt 0:00:00]} 40. Ne1 {[%emt 0:02:30]} Nf4 {[%emt 0:00:00]} 41. Rd4 {[%emt 0:01:30]} Rb1 {[%emt 0:00:33]} 42. Rd2 {[%emt 0:02:14]} Kg7 {[%emt 0:00:00]} 43. Kf2 {[%emt 0:00:39]} Nh3+ {[%emt 0:03:27]} 44. Kg3 {[%emt 0:00:53]} Nf4 {[%emt 0:00:01]} 45. Ng2 {[%emt 0:01:28]} Nh5+ {[%emt 0:00:47]} 46. Kg4 {[%emt 0:00:56]} Nf6+ {[%emt 0:00:29]} 47. Kf5 {[%emt 0:00:43]} Rf1 {[%emt 0:00:05]} 48. f4 {[%emt 0:01:44]} gxf4 {[%emt 0:00:40]} 49. e5 {[%emt 0:00:32]} Nh5 {[%emt 0:00:30]} 50. Rd7+ {[%emt 0:00:58]} Kf8 {[%emt 0:00:00]} 51. e6 {[%emt 0:09:46]} f3 {[%emt 0:01:17]} 52. Nf4 {[%emt 0:02:39]} Ng7+ {[%emt 0:09:17]} 53. Kf6 {[%emt 0:02:28]} Ne8+ {[%emt 0:00:20]} 54. Kf5 {[%emt 0:00:47]} Ng7+ {[%emt 0:00:37]} 55. Ke4 {[%emt 0:00:30]} 1/2-1/2

[Event "4th Baskent University Open 2019"]
[Site "Ankara"]
[Date "2019.06.18"]
[Round "3"]
[White "Dolek, Gokalp Deniz"]
[Black "Kurt, Emre"]
[Result "1-0"]
[WhiteElo "1352"]
[BlackElo "1681"]
[Annotator "NA"]
[PlyCount "95"]
[EventDate "2019.06.18"]
[EventType "swiss"]
[EventCountry "TUR"]
[SourceTitle "playchess.com"]
[Source "ChessBase"]
[SourceQuality "1"]
[TimeControl "5400+30"]

1. e4 {[%emt 0:00:30]} c5 {[%emt 0:00:30]} 2. Nf3 {[%emt 0:00:00]} d6 {[%emt 0:00:00]} 3. d4 {[%emt 0:00:00]} cxd4 {[%emt 0:00:00]} 4. Nxd4 {[%emt 0:00:30]} Nf6 {[%emt 0:00:00]} 5. Nc3 {[%emt 0:00:30]} a6 {[%emt 0:00:00]} 6. Be2 {[%emt 0:00:00]} e5 {[%emt 0:00:30]} 7. Nb3 {[%emt 0:00:00]} Be7 {[%emt 0:00:00]} 8. Be3 {[%emt 0:01:30]} Be6 {[%emt 0:00:00]} 9. O-O {[%emt 0:00:30]} Nbd7 {[%emt 0:01:30]} 10. Qd2 {[%emt 0:01:30]} O-O {[%emt 0:05:30]} 11. Rad1 {[%emt 0:06:30]} Qc7 {[%emt 0:03:30]} 12. Nd5 {[%emt 0:08:30]} Bxd5 {[%emt 0:02:30]} 13. exd5 {[%emt 0:00:30]} Ne4 {[%emt 0:08:30]} 14. Qb4 {[%emt 0:01:30]} f5 {[%emt 0:02:30]} 15. c4 {[%emt 0:13:30]} f4 {[%emt 0:11:30]} 16. Bc1 {[%emt 0:00:30]} b6 {[%emt 0:11:30]} 17. Bf3 {[%emt 0:18:30]} Nef6 {[%emt 0:02:30]} 18. Rfe1 {[%emt 0:01:30]} g5 {[%emt 0:04:30]} 19. Nd4 {[%emt 0:01:30]} Nc5 {[%emt 0:06:30]} 20. Nc6 {[%emt 0:01:30]} Rae8 {[%emt 0:05:30]} 21. b3 {[%emt 0:06:30]} h5 {[%emt 0:03:30]} 22. Bb2 {[%emt 0:03:30]} Bd8 {[%emt 0:03:30]} 23. Qd2 {[%emt 0:04:30]} g4 {[%emt 0:01:30]} 24. Be2 {[%emt 0:00:30]} Nfe4 {[%emt 0:12:10]} 25. Qc2 {[%emt 0:01:30]} a5 {[%emt 0:12:40]} 26. a3 {[%emt 0:00:30]} Nxf2 {[%emt 0:01:01]} 27. Kxf2 {[%emt 0:00:30]} Bh4+ {[%emt 0:00:00]} 28. Kg1 {[%emt 0:00:00]} Bxe1 {[%emt 0:00:12]} 29. Rxe1 {[%emt 0:00:00]} Qg7 {[%emt 0:00:08]} 30. b4 {[%emt 0:00:00]} f3 {[%emt 0:00:42]} 31. bxc5 {[%emt 0:02:00]} f2+ {[%emt 0:00:30]} 32. Kf1 {[%emt 0:00:00]} fxe1=Q+ {[%emt 0:00:00]} 33. Kxe1 {[%emt 0:00:00]} bxc5 {[%emt 0:00:28]} 34. Bc1 {[%emt 0:00:30]} g3 {[%emt 0:00:30]} 35. h3 {[%emt 0:00:30]} Rf2 {[%emt 0:00:30]} 36. Qe4 {[%emt 0:00:30]} Ref8 {[%emt 0:00:30]} 37. Be3 {[%emt 0:00:30]} R2f5 {[%emt 0:00:30]} 38. Kd2 {[%emt 0:00:30]} Qb7 {[%emt 0:00:30]} 39. Kc3 {[%emt 0:00:30]} a4 {[%emt 0:00:30]} 40. Bd1 {[%emt 0:00:30]} Kg7 {[%emt 0:00:30]} 41. Bc2 {[%emt 0:00:30]} R8f6 {[%emt 0:00:30]} 42. Nd8 {[%emt 0:07:30]} Qa8 {[%emt 0:02:52]} 43. Ne6+ {[%emt 0:01:30]} Kg8 {[%emt 0:00:30]} 44. Qh4 {[%emt 0:00:30]} Qa5+ {[%emt 0:00:30]} 45. Kb2 {[%emt 0:00:30]} Qe1 {[%emt 0:00:00]} 46. Bxf5 {[%emt 0:00:30]} Rxf5 {[%emt 0:00:13]} 47. Qd8+ {[%emt 0:00:00]} Kh7 {[%emt 0:01:28]} 48. Qe7+ {[%emt 0:00:00]} 1-0

[Event "4th Baskent University Open 2019"]
[Site "Ankara"]
[Date "2019.06.19"]
[Round "4"]
[White "Annaberdiev, Meilis"]
[Black "Koksal, Ege"]
[Result "1/2-1/2"]
[WhiteElo "2532"]
[BlackElo "2363"]
[Annotator "TA"]
[PlyCount "114"]
[EventDate "2019.06.18"]
[EventType "swiss"]
[EventCountry "TUR"]
[SourceTitle "playchess.com"]
[Source "ChessBase"]
[SourceQuality "1"]

{[%evp 9,114,20,20,20,20,20,18,18,18,16,18,14,19,16,15,23,16,0,16,18,37,35,43,37,42,50,29,17,44,21,22,18,58,56,93,44,60,56,61,56,60,66,138,138,143,146,283,185,194,200,199,173,176,176,175,175,178,147,150,133,135,136,248,130,235,247,480,477,472,469,461,454,417,450,404,402,584,584,584,560,543,535,410,73,103,0,72,38,36,8,8,-8,-8,-11,-12,-29,0,0,0,0,0,0,0,0,0,0,8]} 1. e4 e5 2. Nf3 Nf6 3. Nxe5 d6 4. Nd3 Nxe4 5. Qe2 Qe7 6. Nc3 {Strongly threatening Nd5. C42: Petroff Defence: 3 Nxe5 and unusual White 3rd moves} Nf6 7. Nf4 c6 8. d4 Qxe2+ 9. Bxe2 Bf5 (9... d5 10. O-O Bd6 11. Bd3 O-O {1-0 (57) Harikrishna,P (2723)-Yu,Y (2751) Shenzhen 2019}) 10. Bd3 Bxd3 11. Nxd3 Na6 $146 {[%cal Bb8a6,Ba6c7,Bc7d5][%mdl 32]} ({Predecessor:} 11... Nbd7 12. O-O Nb6 13. a4 Kd7 14. Re1 Be7 15. f3 Nfd5 {½-½ (15) Buhmann,R (2568)-Fridman,D (2633) Skopje 2019}) 12. Bg5 Be7 13. O-O-O Nc7 14. Rhe1 Ncd5 15. Bxf6 Nxf6 16. d5 {aiming for dxc6.} Kf8 17. dxc6 bxc6 18. Ne4 Ne8 19. Ng3 g6 20. Re4 Bg5+ 21. f4 Bh4 22. Rb4 (22. Nb4 {keeps more tension.} c5 23. Nd5 f5 24. Re3 Rb8 25. Ra3) 22... Bxg3 23. hxg3 Kg7 24. Rb7 Nf6 25. Nb4 Rhe8 ({Black should play} 25... c5 $14) 26. Nxc6 $16 Re2 27. Rxd6 {b4 is the strong threat.} Rxg2 (27... Rc8 $16) 28. Ne5 Ne4 29. Rxf7+ Kg8 30. Rdd7 {Intending Rg7+ and mate.} Rg1+ 31. Rd1 Rxd1+ 32. Kxd1 Nxg3 $18 {[%mdl 4096] Endgame KRN-KRN} 33. Rd7 Nh5 34. c4 Nxf4 35. c5 Rc8 (35... Re8 $16) 36. c6 ({Not} 36. Rxa7 Rxc5 37. Ng4 Nd5 $14) (36. b4 $1 $18) 36... h5 (36... a5 $16 {was necessary.} 37. Rd6 g5) 37. b4 {[%cal Bb2b4,Bb4b5][%mdl 32]} ({Less strong is} 37. Rxa7 h4 $16) 37... a6 $2 (37... h4 38. b5 (38. Rxa7 h3 $11) 38... Ra8) 38. a4 h4 {[#] intending ...h3.} 39. b5 $1 {[%cal Rb5b6]} axb5 40. axb5 h3 41. Ng4 Ne6 42. Ke1 Rb8 (42... h2 {might work better.} 43. Nxh2 Nc5) 43. Rb7 Rc8 44. Nf6+ Kf8 45. Rh7 h2 {[#]} 46. Nd7+ $2 (46. Kf2 $1 $18) 46... Kg8 $16 47. Nf6+ Kf8 48. Ne4 Nd4 49. Nd6 Rc7 $1 $132 {[%cal Rc7h7][%mdl 2048] Black puts up resistance} 50. Rh3 Ke7 51. Nc4 Nxb5 52. Ne5 Nd4 (52... Kf6 {is more complex.} 53. Nd7+ Kf5 54. Rxh2 Rxc6 55. Rf2+ Kg5) 53. Nxg6+ {The position is equal.} Kd6 54. Nh4 Rxc6 55. Rxh2 Rc1+ 56. Kf2 Rc2+ 57. Kg3 Rxh2 {Accuracy: White = 63%, Black = 46%.} 1/2-1/2

[Event "4th Baskent University Open 2019"]
[Site "Ankara"]
[Date "2019.06.19"]
[Round "4"]
[White "Maghalashvili, Davit"]
[Black "Simantsev, Mikhail"]
[Result "1/2-1/2"]
[WhiteElo "2500"]
[BlackElo "2371"]
[Annotator "TA"]
[PlyCount "37"]
[EventDate "2019.06.18"]
[EventType "swiss"]
[EventCountry "TUR"]
[SourceTitle "playchess.com"]
[Source "ChessBase"]
[SourceQuality "1"]

{[%evp 22,37,0,21,13,0,0,-6,-9,-18,-14,-34,-29,-36,-27,-22,-21,-35]} 1. Nf3 Nf6 2. c4 b6 3. g3 Bb7 4. Bg2 e6 5. O-O Be7 6. Nc3 O-O 7. d4 Ne4 8. Bd2 d5 9. cxd5 exd5 10. Rc1 Nd7 11. Bf4 Nxc3 12. Rxc3 c5 {E18: Queen's Indian: Old Main Line (4 g3 Bb7 5 Bg2 Be7 6 0-0 0-0 7 Nc3)} 13. dxc5 bxc5 14. Ne5 (14. Rc1 Nf6 15. Bg5 Qb6 16. Qc2 Rfe8 17. Nd2 h6 18. Bxf6 Bxf6 19. e4 dxe4 20. Bxe4 Rad8 21. Bxb7 Qxb7 22. Nb3 Bd4 23. Nxc5 Bxc5 24. Qxc5 Qxb2 25. Qxa7 {½-½ (25) Aronian,L (2805)-Korobov,A (2652) Riadh 2017}) 14... Nxe5 15. Bxe5 Qd7 16. Rc2 $146 ({Predecessor:} 16. b4 d4 17. Bxb7 Qxb7 18. Rxc5 Bxc5 19. bxc5 Rad8 20. Bxd4 Qd5 21. e3 Qxa2 22. Qg4 f6 23. Ra1 Qf7 24. Qf3 Rfe8 {Leijen,P (2182)-Schreurs,B (2213) ICCF email 2017}) 16... d4 {[#] aiming for ...Bxg2.} 17. Bxb7 Qxb7 18. Bf4 Qd5 19. b3 1/2-1/2